000 01263cam a2200361 i 4500
001 68883
003 Mx-PuUPA
005 20260323134710.0
008 250822s2016 mx |||dr|||| 00| f spa d
020 _a9786072421790
020 _a9789687791760
_qde la colección El Barco de Vapor
040 _aMx-PuUPA
_bspa
_cMx-PuUPA
_dMx-PuUPA
_erda
041 0 _aspa
100 1 _aGómez, Sergio,
_d1962-
_913429
_eautor
245 1 4 _aLos increíbles poderes del señor Tanaka /
_cSergio Gómez
250 _aSegunda edición
264 1 _aCiudad de México :
_bSM de Ediciones,
_c2016
300 _a105 páginas ;
_c19 cm
336 _2rdacontent
_atexto
_btxt
337 _2rdamedia
_asin medio
_bn
338 _2rdacarrier
_avolumen
_bnc
490 1 _aEl barco de vapor. Roja ;
_v59 M
500 _a"Premio El Barco de Vapor 2012". -- Cubierta, portada.
521 1 _a12+
650 7 _2armarc
_aNovela chilena
650 7 _2armarc
_aDesastres naturales
_xPredicciones
_xLiteratura infantil
650 7 _2armarc
_aExtranjeros
_xLiteratura infantil
830 0 _aBarco de vapor
_912924
_pRoja ;
_v59 M
942 _2ddc
_cLI
_h863
_iB2659
999 _c68883
_d68883